| 000 | 01353cam a2200325 a 4500 | ||
|---|---|---|---|
| 001 | 15154752 | ||
| 005 | 20091020180713.0 | ||
| 008 | 080125s2007 nyu |r 000 0aeng | ||
| 010 | _a 2008270180 | ||
| 020 | _a0061373982 | ||
| 020 | _a9780061373985 | ||
| 040 |
_aDLC _cDLC _dDLC |
||
| 041 | 1 |
_aeng _hben |
|
| 043 | _aa-ii--- | ||
| 050 | 0 | 0 |
_aHV1448.W47 _bH3513 2007 |
| 082 | 0 | 0 |
_a305.489624092 _222 _bHAL |
| 100 |
_aHalder, Baby _922797 |
||
| 245 | 1 | 2 |
_aA Life Less Ordinary : _bA Memoir / _cBaby Halder ; translated by Urvashi Butalia. |
| 260 |
_aNew York ; _bHarprCollins, 2007 _cc2007. |
||
| 300 |
_a175 p. ; _c23 cm. |
||
| 500 | _a Originally published: New Delhi ; New York : Zubaan : Penguin Books, 2006. | ||
| 520 | _aAutobiographical reminiscences of a poor woman from West Bengal, India, who served as a domestic help. | ||
| 600 |
_aHalder, Baby _922797 |
||
| 650 | 0 |
_aPoor women _zIndia _zWest Bengal _vBiography. _922798 |
|
| 650 | 0 |
_aHousehold employees _zIndia _zWest Bengal _vBiography. _922799 |
|
| 700 | 1 |
_aButalia, Urvashi. _922800 |
|
| 942 |
_2ddc _cBB |
||
| 999 |
_c15051 _d15051 |
||